Normal view MARC view

Entry Personal Name

Number of records used in: 2

001 - CONTROL NUMBER

  • control field: 30596

003 - CONTROL NUMBER IDENTIFIER

  • control field: dpl

005 - DATE AND TIME OF LATEST TRANSACTION

  • control field: 20110801110611.0

008 - FIXED-LENGTH DATA ELEMENTS

  • fixed length control field: 110801|||a|||||| | ||| d

040 ## - CATALOGING SOURCE

  • Original cataloging agency: dpl
  • Transcribing agency: dpl

100 ## - HEADING--PERSONAL NAME

  • Personal name: बलवन्त सिंह

670 ## - SOURCE DATA FOUND

  • Source citation: Work cat.: (dpl)48147: बलवन्त सिंह, मोना /, 2010

670 ## - SOURCE DATA FOUND

  • Source citation: Work cat.: (dpl)48147: बलवन्त सिंह, मोना /, 2010

© Delhi Public Library
Hit Counter
free hit counter